| 000 | 00433nam a22001697a 4500 | ||
|---|---|---|---|
| 003 | NUST - PNEC | ||
| 005 | 20170116181157.0 | ||
| 008 | 160114b xxu||||| |||| 00| 0 eng d | ||
| 020 | _a- | ||
| 040 | _cLIBRARY | ||
| 082 | _a153.9420 DOG | ||
| 100 |
_916060 _aDogar, Zia |
||
| 245 |
_aObjective (MCQs) English with solved papers _cM.A. Zia Dogar |
||
| 260 |
_aLahore: _bDogar Publishers; |
||
| 650 | _xGeneral | ||
| 942 |
_2ddc _cBK |
||
| 999 |
_c71282 _d71282 |
||